A sangre fría

Uloženo v:
Podrobná bibliografie
Hlavní autor: Capote, Truman (Autor)
Médium: Kniha
Jazyk:španělština
Vydáno: Barcelona Anagrama 1996
Vydání:5a. ed
Edice:Compactos Anagrama, 26
Témata:
Tagy: Přidat tag
Žádné tagy, Buďte první, kdo vytvoří štítek k tomuto záznamu!

MARC

LEADER 00000nam a2200000 a 4500
001 UCT9905
003 CL-VaPUC
008 970412e19960000SP |||||||||||||||||spa|d
082 0 4 |a 813  |b CAP  |2 21 
100 0 |a Capote, Truman  |e author  |9 382997 
245 1 0 |a A sangre fría 
250 |a 5a. ed 
300 |a 315 p 
942 |c BK 
945 |d 19970412 00:00:00  |a rleighto 
260 |a Barcelona  |b Anagrama  |c 1996 
650 0 |a Novelas estadounidenses  |9 265217 
583 |a last modification  |c 19970412 00:00:00  |k Rodrigo Vera 
490 0 |a Compactos Anagrama, 26 
999 |c 258246  |d 258244 
952 |0 0  |1 0  |4 0  |6 813_000000000000000_CAP_1996  |7 0  |8 A  |9 282187  |a BIBCUR  |b BIBCUR  |d 2019-11-19  |i 3298337  |l 4  |o 813 CAP 1996  |p 3298337  |r 2025-04-22  |s 2024-06-25  |w 2019-11-19  |y BK  |k PER